Linux in a nutshell : a desktop quick reference

Αποθηκεύτηκε σε:
Λεπτομέρειες βιβλιογραφικής εγγραφής
Κύριος συγγραφέας: Hekman, Jessica Perry
Μορφή: Βιβλίο
Γλώσσα:English
Δημοσίευση: Cambridge ; Koln : O'Reilly & Associates, c1997
Σειρά:Nutshell handbook
Θέματα:
Ετικέτες: Προσθήκη ετικέτας
Δεν υπάρχουν, Καταχωρήστε ετικέτα πρώτοι!

MARC

LEADER 00000nam a2200000 i 4500
001 1/93279
008 000307s1997 eng d
020 |a 1565921674 
035 |l 10054355 
040 |a GR-MY-UA  |b gre  |e aacr 
041 0 |a eng 
082 0 |a 005.4469 
100 1 |a Hekman, Jessica Perry. 
245 1 0 |a Linux in a nutshell :  |b a desktop quick reference /  |c Jessica Perry Hekman 
260 |a Cambridge ; Koln :   |b O'Reilly & Associates,   |c c1997 
300 |a xi, 424 p.;  |c 23 cm. 
490 1 |a Nutshell handbook 
504 |a Includes index 
630 0 0 |a Linux. 
650 0 0 |a Operating systems (Computers) 
830 0 |a Nutshell handbook 
852 |a INST  |b SAMOS  |e 20000307  |h 005.4469 HEK  |p 005300016741  |q 005300016741  |t BK  |y 0 
901 |a BIBL3-2000-1 
909 |a Σ  |b 069693 
922 |a 3ΕΛΗ  |b 199910  |c ΤΠΕΣ  |d ΠΑΠΑΣΩΤΗΡΙΟΥ 
950 |a 133-1999-07-20 
970 |a ΓΕΝΟΥΖΟΥ  |b ΧΡΥΣΑΝΘΗ  |z 2000/03/07